<?xml version="1.0" encoding="UTF-8"?>
<record
    xmlns:xsi="http://www.w3.org/2001/XMLSchema-instance"
    xsi:schemaLocation="http://www.loc.gov/MARC21/slim http://www.loc.gov/standards/marcxml/schema/MARC21slim.xsd"
    xmlns="http://www.loc.gov/MARC21/slim">

  <leader>00644nam a22001337a 4500</leader>
  <datafield tag="040" ind1=" " ind2=" ">
    <subfield code="c">RUA</subfield>
  </datafield>
  <datafield tag="082" ind1=" " ind2=" ">
    <subfield code="a">VEM MEA 2016 B593 Or.1</subfield>
  </datafield>
  <datafield tag="100" ind1=" " ind2=" ">
    <subfield code="a">MEAS SOTHON,&#x1798;&#x17B6;&#x179F; &#x179F;&#x17BB;&#x1792;&#x1793;</subfield>
  </datafield>
  <datafield tag="245" ind1=" " ind2=" ">
    <subfield code="a">study on gastrointestinal parasites in cattle at tramkak district,takeo province,&#x1780;&#x17B6;&#x179A;&#x179F;&#x17B7;&#x1780;&#x17D2;&#x179F;&#x17B6;&#x17A2;&#x17C6;&#x1796;&#x17B8;&#x1794;&#x179A;&#x17B6;&#x179F;&#x17B7;&#x178F;&#x1780;&#x17D2;&#x1793;&#x17BB;&#x1784;&#x1780;&#x17D2;&#x179A;&#x1796;&#x17C7;&#x1796;&#x17C4;&#x17C7;&#x179C;&#x17C0;&#x1793;&#x1782;&#x17C4;&#x1793;&#x17C5;&#x179F;&#x17D2;&#x179A;&#x17BB;&#x1780;&#x178F;&#x17D2;&#x179A;&#x17B6;&#x17C6;&#x1780;&#x1780;&#x17CB; &#x1781;&#x17C1;&#x178F;&#x17D2;&#x178F;&#x178F;&#x17B6;&#x1780;&#x17C2;&#x179C;</subfield>
  </datafield>
  <datafield tag="260" ind1=" " ind2=" ">
    <subfield code="a">phnom penh</subfield>
    <subfield code="b">RUA</subfield>
    <subfield code="c">2016</subfield>
  </datafield>
  <datafield tag="300" ind1=" " ind2=" ">
    <subfield code="a">xi;34p;</subfield>
    <subfield code="b">ill;</subfield>
    <subfield code="c">29cm;</subfield>
  </datafield>
  <datafield tag="856" ind1=" " ind2=" ">
    <subfield code="u">https://drive.google.com/file/d/116_XfhXVOQ5numlvJm91dhClgfgprz3b/view?usp=sharing</subfield>
  </datafield>
  <datafield tag="942" ind1=" " ind2=" ">
    <subfield code="c">VEM</subfield>
  </datafield>
  <datafield tag="999" ind1=" " ind2=" ">
    <subfield code="c">16526</subfield>
    <subfield code="d">16526</subfield>
  </datafield>
  <datafield tag="952" ind1=" " ind2=" ">
    <subfield code="0">0</subfield>
    <subfield code="1">0</subfield>
    <subfield code="2">ddc</subfield>
    <subfield code="4">0</subfield>
    <subfield code="6">VEM_MEA_2016_000000000000000_B593_OR_1</subfield>
    <subfield code="7">0</subfield>
    <subfield code="9">71317</subfield>
    <subfield code="a">LBB</subfield>
    <subfield code="b">LBB</subfield>
    <subfield code="c">B593</subfield>
    <subfield code="d">2018-03-05</subfield>
    <subfield code="l">1</subfield>
    <subfield code="o">VEM MEA 2016 B593 Or.1</subfield>
    <subfield code="p">A32583</subfield>
    <subfield code="r">2020-06-17</subfield>
    <subfield code="s">2020-03-09</subfield>
    <subfield code="w">2018-03-05</subfield>
    <subfield code="y">VEM</subfield>
  </datafield>
  <datafield tag="952" ind1=" " ind2=" ">
    <subfield code="0">0</subfield>
    <subfield code="1">0</subfield>
    <subfield code="2">ddc</subfield>
    <subfield code="4">0</subfield>
    <subfield code="6">VEM_MEA_2016_000000000000000_B593_OR_2</subfield>
    <subfield code="7">0</subfield>
    <subfield code="9">71318</subfield>
    <subfield code="a">LBB</subfield>
    <subfield code="b">LBB</subfield>
    <subfield code="c">B593</subfield>
    <subfield code="d">2018-03-05</subfield>
    <subfield code="l">1</subfield>
    <subfield code="o">VEM MEA 2016 B593 Or.2</subfield>
    <subfield code="p">A32287</subfield>
    <subfield code="r">2024-01-31</subfield>
    <subfield code="s">2024-01-12</subfield>
    <subfield code="w">2018-03-05</subfield>
    <subfield code="y">VEM</subfield>
  </datafield>
  <datafield tag="952" ind1=" " ind2=" ">
    <subfield code="0">0</subfield>
    <subfield code="1">0</subfield>
    <subfield code="2">ddc</subfield>
    <subfield code="4">0</subfield>
    <subfield code="6">VEM_MEA_2016_000000000000000_B593_OR_3</subfield>
    <subfield code="7">0</subfield>
    <subfield code="9">71319</subfield>
    <subfield code="a">LBB</subfield>
    <subfield code="b">LBB</subfield>
    <subfield code="c">B593</subfield>
    <subfield code="d">2018-03-05</subfield>
    <subfield code="o">VEM MEA 2016 B593 Or.3</subfield>
    <subfield code="p">A32565</subfield>
    <subfield code="r">2018-03-05</subfield>
    <subfield code="w">2018-03-05</subfield>
    <subfield code="y">VEM</subfield>
  </datafield>
  <datafield tag="952" ind1=" " ind2=" ">
    <subfield code="0">0</subfield>
    <subfield code="1">0</subfield>
    <subfield code="2">ddc</subfield>
    <subfield code="4">0</subfield>
    <subfield code="6">VEM_MEA_2016_000000000000000_B593_OR_4</subfield>
    <subfield code="7">0</subfield>
    <subfield code="9">71320</subfield>
    <subfield code="a">LBB</subfield>
    <subfield code="b">LBB</subfield>
    <subfield code="c">B593</subfield>
    <subfield code="d">2018-03-05</subfield>
    <subfield code="o">VEM MEA 2016 B593 Or.4</subfield>
    <subfield code="p">A32225</subfield>
    <subfield code="r">2018-03-05</subfield>
    <subfield code="w">2018-03-05</subfield>
    <subfield code="y">VEM</subfield>
  </datafield>
  <datafield tag="952" ind1=" " ind2=" ">
    <subfield code="0">0</subfield>
    <subfield code="1">0</subfield>
    <subfield code="2">ddc</subfield>
    <subfield code="4">0</subfield>
    <subfield code="6">VEM_MEA_2016_000000000000000_B593_OR_5</subfield>
    <subfield code="7">0</subfield>
    <subfield code="9">71321</subfield>
    <subfield code="a">LBB</subfield>
    <subfield code="b">LBB</subfield>
    <subfield code="c">B593</subfield>
    <subfield code="d">2018-03-05</subfield>
    <subfield code="o">VEM MEA 2016 B593 Or.5</subfield>
    <subfield code="p">A32218</subfield>
    <subfield code="r">2018-03-05</subfield>
    <subfield code="w">2018-03-05</subfield>
    <subfield code="y">VEM</subfield>
  </datafield>
  <datafield tag="952" ind1=" " ind2=" ">
    <subfield code="0">0</subfield>
    <subfield code="1">0</subfield>
    <subfield code="2">ddc</subfield>
    <subfield code="4">0</subfield>
    <subfield code="6">VEM_MEA_2016_000000000000000_B593_OR_6</subfield>
    <subfield code="7">0</subfield>
    <subfield code="9">71322</subfield>
    <subfield code="a">LBB</subfield>
    <subfield code="b">LBB</subfield>
    <subfield code="c">B593</subfield>
    <subfield code="d">2018-03-05</subfield>
    <subfield code="o">VEM MEA 2016 B593 Or.6</subfield>
    <subfield code="p">A32328</subfield>
    <subfield code="r">2018-03-05</subfield>
    <subfield code="w">2018-03-05</subfield>
    <subfield code="y">VEM</subfield>
  </datafield>
  <datafield tag="952" ind1=" " ind2=" ">
    <subfield code="0">0</subfield>
    <subfield code="1">0</subfield>
    <subfield code="2">ddc</subfield>
    <subfield code="4">0</subfield>
    <subfield code="6">VEM_MEA_2016_000000000000000_B593_OR_7</subfield>
    <subfield code="7">0</subfield>
    <subfield code="9">71323</subfield>
    <subfield code="a">LBB</subfield>
    <subfield code="b">LBB</subfield>
    <subfield code="c">B593</subfield>
    <subfield code="d">2018-03-05</subfield>
    <subfield code="o">VEM MEA 2016 B593 Or.7</subfield>
    <subfield code="p">A32440</subfield>
    <subfield code="r">2018-03-05</subfield>
    <subfield code="w">2018-03-05</subfield>
    <subfield code="y">VEM</subfield>
  </datafield>
</record>
